| 000 | 00629nam a2200241Ia 4500 | ||
|---|---|---|---|
| 003 | OSt | ||
| 005 | 20221005070124.0 | ||
| 006 | a|||||r|||| 00| 0 | ||
| 007 | ta | ||
| 008 | 221004b |||||||| |||| 00| 0 mar d | ||
| 024 | _a40337 | ||
| 037 | _cTextual | ||
| 040 |
_aCRL _cCRL _bmar |
||
| 041 |
_2mar _amar |
||
| 082 | _aO155,3:g, K9 | ||
| 100 |
_aShewade _9605338 |
||
| 245 | 0 | _aMaratha katha | |
| 260 |
_aMumbai _bSomaya publication pvt. ltd. India _c1969 |
||
| 300 |
_a574p. _ccm. |
||
| 650 |
_aMARATHI LITERATURE _938000 |
||
| 942 |
_hO155,3:g, K9 _cTEXL _2cc |
||
| 999 |
_c975705 _d975705 |
||